LIBRARY & INFORMATION CENTRE, KCAET, TAVANUR

ONLINE PUBLIC ACCESS CATALOGUE (OPAC)

Oils and fats in the food industry (Record no. 15691)

MARC details
000 -LEADER
fixed length control field 00367nam a22001457a 4500
003 - CONTROL NUMBER IDENTIFIER
control field OSt
008 - FIXED-LENGTH DATA ELEMENTS--GENERAL INFORMATION
fixed length control field 190528b ||||| |||| 00| 0 eng d
020 ## - INTERNATIONAL STANDARD BOOK NUMBER
ISBN 9788126574094
082 ## - DEWEY DECIMAL CLASSIFICATION NUMBER
Classification number 664.3
Item number GUN/OI
100 ## - MAIN ENTRY--AUTHOR NAME
Personal name Gunstone, Frank D.
245 ## - TITLE STATEMENT
Title Oils and fats in the food industry
260 ## - PUBLICATION, DISTRIBUTION, ETC. (IMPRINT)
Place of publication New Delhi
Name of publisher Wiley Blackwell
Year of publication 2008
300 ## - PHYSICAL DESCRIPTION
Number of Pages 146 p.
942 ## - ADDED ENTRY ELEMENTS (KOHA)
Koha item type Books
Holdings
Withdrawn status Lost status Damaged status Collection code Home library Current library Shelving location Date acquired Cost, normal purchase price Full call number Accession Number Koha item type
      Non-fiction KAUAET KAUAET General Stacks 28/05/2019 3495.00 664.3 GUN/OI 25904 Books
      Non-fiction KAUAET KAUAET General Stacks 28/05/2019 3495.00 664.3 GUN/OI 25905 Books
free website counter